Formule 1 - Quiz pilote : Sebastian Vettel - Statistiques

Statistiques générales
  • Ce quiz a été pris 157 fois
    145 depuis la dernière actualisation
  • Le résultat moyen est 26 sur 31
Statistiques - réponses
Hint Réponse % Correct
Informations de base Arrivée en Formule 1 (année) 2007
99%
Championnat du monde 1er titre (année) 2010
99%
Championnat du monde 2e titre (année) 2010
99%
Championnat du monde 3e titre (année) 2011
99%
Championnat du monde 4e titre (année) 2011
99%
Championnat du monde 5e titre (année) 2012
99%
Championnat du monde 6e titre (année) 2012
99%
Championnat du monde 7e titre (année) 2013
99%
Championnat du monde 8e titre (année) 2013
99%
Informations de base Dernière année en Formule 1 2022
98%
Écuries pour lesquelles il a conduit 2015 - 2020 Ferrari
98%
Championnat du monde Nombres de titre pilote 4
97%
Championnat du monde Nombres de titre constructeur 4
97%
Informations de base Nationalité (sportive) Allemagne
97%
Écuries pour lesquelles il a conduit 2021 - 2022 Aston Martin
97%
Écuries pour lesquelles il a conduit 2009 - 2014 Red Bull
97%
Coéquipiers 2021 - 2022 Lance Stroll
95%
Coéquipiers 2019 - 2020 Charles Leclerc
94%
Informations de base Numéro permanent de pilote 5
92%
Coéquipiers 2014 Daniel Ricciardo
83%
Coéquipiers 2015 - 2018 Kimi Räikkönen
83%
Écuries pour lesquelles il a conduit 2007 - 2008 Toro Rosso
83%
Autres En 2010, il devient le plus jeune... Champion du monde de formule 1
81%
Coéquipiers 2009 - 2013 Mark Webber
78%
Informations de base Nom complet Sebastian Vettel
74%
Victoire Nombre de victoire totale 53
65%
Écuries pour lesquelles il a conduit 2007 BMW Sauber
65%
Victoire 1ère victoire Grand Prix de Monza 2008
42%
Coéquipiers 2008 Sébastien Bourdais
36%
Coéquipiers 2007 Nick Heidfeld
27%
Informations de base Date de naissance 3 juillet 1987
24%
Aucun quiz correspondant
Distribution des résultats
% des personnes avec chaque résultat
Percentile par nombre de réponses
Votre historique - résultats
Vous n’avez pas pris ce quiz depuis la dernière actualisation